00661 2200241 4500001002100000005001500021035002000036245010900056100001800165250000600183300003600189700001900225260003700244082001000281084001600291020001800307650000900325990001700334990001700351990001700368990001700385990001700402INLIS00000000000063320190122013721 a0010-01190000891 aTeori dan Praktek Coco Tanam Tebu dengan Segala Masalahnya /cWahyu Mulyana; Ilustrator, Drs. Sugiyatno0 aWahyu Mulyana a- avii, 58 hlm. :bilus. ;c21 cm.0 aDrs. Sugiyatno aSemarang :bCV Aneka Ilmu,c2010 a633.6 a633.6 WAH t a979-736-387-2 aTebu a02354/P/2018 a02355/P/2018 a02356/P/2018 a02357/P/2018 a02783/H/2018